| Tag |
First Indicator |
Second Indicator |
Subfields |
| LEADER |
00000cam a2200000 a 4500 |
| 001 |
in00000024732 |
| 005 |
20151007054401.0 |
| 008 |
870630s1987 nyu 00100 eng |
| 010 |
|
|
|a 87061165
|
| 020 |
|
|
|a 0866360514 :
|c $49.95
|
| 035 |
|
|
|a (OCoLC)16224511
|
| 035 |
|
|
|9 AAB4875AM
|
| 040 |
|
|
|a DLC
|c DLC
|d TXA
|d UtOrBLW
|
| 043 |
|
|
|a n-us---
|
| 049 |
|
|
|a TXAM
|c [A11113740]
|
| 050 |
0 |
0 |
|a NK2195.S89
|b B4724 1987
|
| 082 |
0 |
|
|a 725/.21/0973
|2 19
|
| 245 |
0 |
4 |
|a The Best of store designs 3 :
|b from the National Retail Merchants Association and the Institute for Store Planners' Store Interior Design Competition.
|
| 263 |
|
|
|a 8709
|
| 264 |
|
1 |
|a Glen Cove, N.Y. :
|b PBC International ;
|c [1987]
|
| 264 |
|
2 |
|a New York, NY :
|b Distributor to the book trade in the U.S., Rizzoli International,
|
| 264 |
|
4 |
|c ©1987
|
| 300 |
|
|
|a 245 pages :
|b color illustrations
|
| 336 |
|
|
|a text
|b txt
|2 rdacontent
|
| 337 |
|
|
|a unmediated
|b n
|2 rdamedia
|
| 338 |
|
|
|a volume
|b nc
|2 rdacarrier
|
| 500 |
|
|
|a Includes indexes.
|
| 650 |
|
0 |
|a Store decoration
|z United States.
|
| 650 |
|
0 |
|a Department stores
|z United States
|x Designs and plans.
|
| 710 |
2 |
|
|a National Retail Merchants Association.
|
| 710 |
2 |
|
|a Institute for Store Planners (U.S.)
|
| 999 |
|
|
|a MARS
|
| 999 |
f |
f |
|s 478f4f48-9aca-3c4a-ad04-9b6f50c9fe5b
|i 438e24dc-58ec-334d-a6d6-00e9b39ce976
|t 0
|
| 952 |
f |
f |
|p normal
|a Texas A&M University
|b College Station
|c Sterling C. Evans Library
|d Evans: Library Stacks
|t 0
|e NK2195.S89 B4724 1987
|h Library of Congress classification
|i unmediated -- volume
|m A14811113740
|
| 998 |
f |
f |
|a NK2195.S89 B4724 1987
|t 0
|l Evans: Library Stacks
|